| 000 | 00563nam a2200181 i 4500 | ||
|---|---|---|---|
| 001 | 77828 | ||
| 003 | ES-MaACL | ||
| 005 | 20230906173410.0 | ||
| 007 | t| | ||
| 008 | 041111s1930 sp ||||1| spa d | ||
| 080 | _a623.5(02) | ||
| 100 | 1 |
_aVigón, Jorge. _9114665 |
|
| 245 | 1 | 0 |
_aUn personaje español del siglo XIX _b: (el cuerpo de artillería) / _cJorge Vigón. |
| 260 |
_aMadrid : _bCia. Ibero-Americana de Publicaciones, _c1930. |
||
| 300 |
_a237 p. ; _c20 cm. |
||
| 650 | 1 | 4 |
_aArtillería- _zEspaña- _yS.XIX. _910356 |
| 852 |
_aES-MaACL _jE-10305 _bR.133688 |
||
| 999 |
_c77828 _d77828 |
||